[Event "GER-chT U20"]
[Site "Arendsee"]
[Date "2008.12.30"]
[Round "7.3"]
[White "Haeusinger, Benjamin"]
[Black "Kelm, Marcel"]
[Result "1/2-1/2"]
[WhiteElo "1976"]
[BlackElo "1850"]
[PlyCount "31"]
[EventDate "2008.12.27"]
[EventType "team-swiss"]
[EventRounds "7"]
[EventCountry "GER"]
[SourceTitle "CBM 128 Extra"]
[Source "ChessBase"]
[SourceDate "2009.03.05"]
[SourceVersion "2"]
[SourceVersionDate "2009.03.25"]
[SourceQuality "1"]
[WhiteTeam "Heilbronn"]
[BlackTeam "Muelheim Nord"]
[WhiteTeamCountry "GER"]
[BlackTeamCountry "GER"]

1. Nf3 Nf6 2. d4 g6 3. Bf4 Bg7 4. Nbd2 0-0 5. c3 d6 6. e4 Nbd7 7. Qc2 Re8 8. Bc4 e5 9. dxe5 dxe5 10. Bg3 h6 11. 0-0-0 c6 12. Bb3 b5 13. Nf1 Qc7 14. Ne3 Nc5 15. Nd2 a5 16. a4 1/2-1/2

[Event "GER-chT U20"]
[Site "Arendsee"]
[Date "2008.12.28"]
[Round "4.3"]
[White "Haeusinger, Benjamin"]
[Black "Zemella, Christian"]
[Result "1/2-1/2"]
[WhiteElo "1976"]
[BlackElo "2016"]
[PlyCount "89"]
[EventDate "2008.12.27"]
[EventType "team-swiss"]
[EventRounds "7"]
[EventCountry "GER"]
[SourceTitle "CBM 128 Extra"]
[Source "ChessBase"]
[SourceDate "2009.03.05"]
[SourceVersion "2"]
[SourceVersionDate "2009.03.25"]
[SourceQuality "1"]
[WhiteTeam "Heilbronn"]
[BlackTeam "Brackel"]
[WhiteTeamCountry "GER"]
[BlackTeamCountry "GER"]

1. Nf3 c5 2. d4 e6 3. c3 d5 4. Bf4 Nc6 5. e3 Nf6 6. Bb5 Qb6 7. Qb3 Bd7 8. 0-0 Be7 9. Bxc6 bxc6 10. Nbd2 Nh5 11. Bg3 Nxg3 12. hxg3 f6 13. e4 0-0 14. Rfe1 Qxb3 15. axb3 a5 16. exd5 cxd5 17. Ra2 cxd4 18. Nxd4 e5 19. Nc2 Ra7 20. Rea1 Rfa8 21. Ne3 Be6 22. Nc2 Bd8 23. Ra3 Bb6 24. Ne3 Bc5 25. Ra4 Bd7 26. R4a2 Bxe3 27. fxe3 a4 28. bxa4 Rxa4 29. Rxa4 Rxa4 30. Rxa4 Bxa4 31. e4 d4 32. cxd4 exd4 33. b4 Kf7 34. Nf3 Bc2 35. Nxd4 Bxe4 36. Kf2 Ke7 37. Ke3 Bxg2 38. Nf5+ Kf7 39. Kf4 g5+ 40. Ke3 Ke6 41. Ng7+ Kd5 42. Nh5 Ke5 43. b5 f5 44. b6 h6 45. Ng7 1/2-1/2

[Event "GER-chT U16"]
[Site "Uelzen"]
[Date "2007.12.28"]
[Round "4.2"]
[White "Babayev, Husejn"]
[Black "Haeusinger, Benjamin"]
[Result "1-0"]
[WhiteElo "1859"]
[BlackElo "1812"]
[PlyCount "101"]
[EventDate "2007.12.27"]
[EventType "team-swiss"]
[EventRounds "7"]
[EventCountry "GER"]
[SourceTitle "EXT 2022"]
[Source "ChessBase"]
[SourceDate "2021.10.06"]
[SourceVersion "1"]
[SourceVersionDate "2021.10.06"]
[SourceQuality "1"]
[WhiteTeam "Limburgerhof U16"]
[BlackTeam "Heilbronn U16"]
[WhiteTeamCountry "GER"]
[BlackTeamCountry "GER"]

1. e4 c6 2. d4 d5 3. exd5 cxd5 4. Bd3 Nf6 5. c3 Nc6 6. Bf4 Bg4 7. Qb3 Na5 8. Qa4+ Nc6 9. Nd2 a6 10. Qc2 Rc8 11. Ngf3 e6 12. 0-0 b5 13. a4 Nb4 14. Qb1 Nxd3 15. Qxd3 Qb6 16. axb5 Qxb5 17. Qb1 Be7 18. Ne5 Bf5 19. Qa2 0-0 20. Nb1 Nh5 21. Bc1 f6 22. Nf3 g5 23. Re1 Ng7 24. Nfd2 Rc6 25. b4 Rfc8 26. Bb2 Bd6 27. Qb3 Bc7 28. Nf1 h5 29. Ne3 Kf7 30. Nd2 Bd3 31. Qa4 Qb8 32. h3 f5 33. Qd1 g4 34. hxg4 hxg4 35. Ndf1 Bb5 36. g3 Rh8 37. Kg2 Nh5 38. c4 Bxc4 39. Nxc4 dxc4 40. d5 c3 41. dxc6 cxb2 42. Qd7+ Kf8 43. Rad1 Ng7 44. Qd4 e5 45. Qc5+ Kg8 46. Rd7 Ne6 47. Qe7 Rh6 48. Rb1 Qb6 49. Qf7+ Kh8 50. Qe8+ Nf8 51. Qxf8# 1-0

[Event "GER-chT U20"]
[Site "Kelbra"]
[Date "2006.12.29"]
[Round "5.5"]
[White "Haeusinger, Benjamin"]
[Black "Richter, Dustin"]
[Result "0-1"]
[WhiteElo "1800"]
[BlackElo "1613"]
[PlyCount "118"]
[EventDate "2006.12.27"]
[EventType "team-swiss"]
[EventRounds "7"]
[EventCountry "GER"]
[SourceTitle "EXT 2008"]
[Source "ChessBase"]
[SourceDate "2007.11.25"]
[SourceVersion "1"]
[SourceVersionDate "2007.11.25"]
[SourceQuality "1"]
[WhiteTeam "Heilbronn U20"]
[BlackTeam "Sangerhausen U20"]
[WhiteTeamCountry "GER"]
[BlackTeamCountry "GER"]

1. Nf3 Nf6 2. d4 g6 3. c3 Bg7 4. Bf4 0-0 5. Nbd2 d6 6. e4 c5 7. Bc4 cxd4 8. cxd4 d5 9. Bd3 dxe4 10. Nxe4 Nc6 11. Be5 Nxe5 12. dxe5 Ng4 13. 0-0 Nxe5 14. Nxe5 Bxe5 15. Qe2 Bxb2 16. Rad1 Bg7 17. Ng5 Qc7 18. Bc4 e6 19. h4 h6 20. Nf3 b6 21. Rc1 Qf4 22. Ba6 Bxa6 23. Qxa6 e5 24. Rc4 Qf5 25. Rc7 e4 26. Nh2 Bd4 27. Rxa7 Rxa7 28. Qxa7 Rc8 29. Qa4 Bc5 30. Qd1 Ra8 31. Qe2 Qf4 32. g3 Qxg3+ 33. Kh1 Qxh4 34. Qc2 Bd6 35. f3 Qxh2+ 36. Qxh2 Bxh2 37. Kxh2 Rxa2+ 38. Kg3 Ra3 39. Kg2 Rxf3 40. Rb1 Rf6 41. Kg3 Kg7 42. Re1 Re6 43. Kf4 f5 44. Ke3 Kf6 45. Rh1 h5 46. Rh2 Rd6 47. Rb2 g5 48. Rb5 Rd3+ 49. Ke2 Ra3 50. Rxb6+ Ke5 51. Rb2 Kf4 52. Kf1 h4 53. Kg2 g4 54. Rf2+ Rf3 55. Rb2 g3 56. Rb8 Rf2+ 57. Kg1 Kf3 58. Rh8 Rd2 59. Rxh4 Rd1# 0-1

[Event "GER-chT U20"]
[Site "Kelbra"]
[Date "2006.12.29"]
[Round "6.5"]
[White "Haeusinger, Benjamin"]
[Black "Schehl, Michael"]
[Result "1-0"]
[WhiteElo "1800"]
[BlackElo "1730"]
[PlyCount "61"]
[EventDate "2006.12.27"]
[EventType "team-swiss"]
[EventRounds "7"]
[EventCountry "GER"]
[SourceTitle "EXT 2008"]
[Source "ChessBase"]
[SourceDate "2007.11.25"]
[SourceVersion "1"]
[SourceVersionDate "2007.11.25"]
[SourceQuality "1"]
[WhiteTeam "Heilbronn U20"]
[BlackTeam "Koeln Muelheim U20"]
[WhiteTeamCountry "GER"]
[BlackTeamCountry "GER"]

1. Nf3 d5 2. d4 c6 3. c4 Nf6 4. Nc3 Bg4 5. cxd5 Bxf3 6. gxf3 cxd5 7. e4 dxe4 8. fxe4 e6 9. a3 a6 10. Be3 Be7 11. Rg1 g6 12. h4 h5 13. Bc4 Ng4 14. Qf3 Nxe3 15. fxe3 Bxh4+ 16. Ke2 Qf6 17. Qh3 Nc6 18. Raf1 Qe7 19. Ba2 Nd8 20. d5 g5 21. Qh2 Rc8 22. Qe5 Rh6 23. d6 Qf8 24. Nd5 g4 25. d7+ Kxd7 26. Nb6+ Ke8 27. Nxc8 Nc6 28. Qc3 Bd8 29. Qd2 Qc5 30. Nd6+ Ke7 31. Rxf7# 1-0

[Event "Wuerttemberg-ch U14"]
[Site "Friedrichshafen"]
[Date "2005.03.31"]
[Round "5"]
[White "Balkan, Levent"]
[Black "Haeusinger, Benjamin"]
[Result "0-1"]
[WhiteElo "1332"]
[BlackElo "1479"]
[PlyCount "120"]
[EventDate "2005.03.29"]
[EventType "swiss"]
[EventRounds "7"]
[EventCountry "GER"]
[SourceTitle "EXT 2007"]
[Source "ChessBase"]
[SourceDate "2006.11.23"]
[SourceVersion "1"]
[SourceVersionDate "2006.11.23"]
[SourceQuality "1"]

1. e4 c6 2. d4 d5 3. Nc3 dxe4 4. Nxe4 Bf5 5. Ng3 Bg6 6. Nf3 Nd7 7. h4 h6 8. h5 Bh7 9. Bc4 e6 10. Bf4 Ngf6 11. c3 Nb6 12. Bd3 Nbd5 13. Bxh7 Nxf4 14. Bc2 Nxg2+ 15. Kf1 Nf4 16. Qd2 N4d5 17. c4 Nb6 18. b3 Nbd7 19. b4 a5 20. b5 cxb5 21. cxb5 Rc8 22. Ne4 Bb4 23. Qd3 Qc7 24. Bb3 Nxe4 25. Qxe4 Nf6 26. Qe3 Qc3 27. Kg2 Qxe3 28. fxe3 0-0 29. Ne5 Bd6 30. Ng6 Rfe8 31. Nh4 Rc3 32. Kf2 Rec8 33. Ng2 Ne4+ 34. Kf3 Nd2+ 35. Kf2 Nxb3 36. axb3 b6 37. Rab1 Rc2+ 38. Kf3 Rd2 39. Rhc1 Rcc2 40. Rxc2 Rxc2 41. Nf4 Bxf4 42. exf4 Kf8 43. b4 a4 44. Ke3 Rc3+ 45. Kd2 Rb3 46. Rxb3 axb3 47. Kc3 g6 48. hxg6 fxg6 49. Kxb3 h5 50. Kc2 Ke7 51. Kd2 Kf6 52. Ke2 Kf5 53. Kf3 h4 54. Kg2 Kxf4 55. Kh3 g5 56. Kg2 Ke4 57. Kh3 Kxd4 58. Kg4 e5 59. Kxg5 h3 60. Kf6 h2 0-1

[Event "Wuerttemberg-ch U14"]
[Site "Friedrichshafen"]
[Date "2005.03.30"]
[Round "3"]
[White "Dzodziev, Daniel"]
[Black "Haeusinger, Benjamin"]
[Result "1-0"]
[WhiteElo "1505"]
[BlackElo "1479"]
[PlyCount "149"]
[EventDate "2005.03.29"]
[EventType "swiss"]
[EventRounds "7"]
[EventCountry "GER"]
[SourceTitle "EXT 2007"]
[Source "ChessBase"]
[SourceDate "2006.11.23"]
[SourceVersion "1"]
[SourceVersionDate "2006.11.23"]
[SourceQuality "1"]

1. e4 c6 2. d4 d5 3. Nc3 dxe4 4. Nxe4 Bf5 5. Ng3 Bg6 6. Nf3 Nd7 7. Be3 Ngf6 8. Bd3 Bxd3 9. Qxd3 e6 10. 0-0 Bd6 11. Ne2 Qc7 12. Rad1 0-0 13. Rd2 Rad8 14. c3 Ng4 15. h3 Ngf6 16. Qc2 h6 17. Rfd1 Rfe8 18. a3 b6 19. c4 c5 20. dxc5 Bxc5 21. Bxc5 Qxc5 22. Ng3 Rc8 23. Rxd7 Nxd7 24. Rxd7 Qxc4 25. Qxc4 Rxc4 26. Rxa7 Rc1+ 27. Nf1 Rb1 28. b4 Rb8 29. g4 b5 30. Ne5 f6 31. Nd7 Rc8 32. Nc5 Rd8 33. Kg2 Rdd1 34. Ne3 Rg1+ 35. Kf3 Rh1 36. Ne4 Rxh3+ 37. Ke2 Rb2+ 38. Nd2 Rh1 39. Ra5 Ra1 40. Rxb5 Raa2 41. Nec4 Rc2 42. Kd3 Rc1 43. Rb7 f5 44. gxf5 exf5 45. Re7 h5 46. b5 Kf8 47. Re3 h4 48. b6 Rcc2 49. Re2 h3 50. f4 Kf7 51. b7 Rcb2 52. Nxb2 Rxb2 53. Rh2 Rxb7 54. Rxh3 Ra7 55. Nc4 Kf6 56. Kc3 Ke6 57. Re3+ Kf6 58. Rd3 Kf7 59. Rd5 g6 60. Rb5 Kg7 61. Kb4 Kh6 62. a4 Kh5 63. a5 Kg4 64. Ne5+ Kxf4 65. Nxg6+ Kg4 66. Ne5+ Kg3 67. Nc6 Ra6 68. Rxf5 Rxc6 69. Kb5 Rc1 70. Kb6 Kg4 71. Rb5 Re1 72. a6 Re6+ 73. Ka5 Re1 74. a7 Kf4 75. Rb4+ 1-0

[Event "Wuerttemberg-ch U14"]
[Site "Friedrichshafen"]
[Date "2005.03.29"]
[Round "2"]
[White "Haeusinger, Benjamin"]
[Black "Soeroes, Martin Wolfgang"]
[Result "0-1"]
[WhiteElo "1479"]
[BlackElo "1988"]
[PlyCount "102"]
[EventDate "2005.03.29"]
[EventType "swiss"]
[EventRounds "7"]
[EventCountry "GER"]
[SourceTitle "EXT 2007"]
[Source "ChessBase"]
[SourceDate "2006.11.23"]
[SourceVersion "1"]
[SourceVersionDate "2006.11.23"]
[SourceQuality "1"]

1. d4 Nf6 2. c4 e6 3. Bg5 h6 4. Bxf6 Qxf6 5. Nf3 Bb4+ 6. Nbd2 d5 7. e3 0-0 8. Be2 Nd7 9. 0-0 c6 10. e4 Bxd2 11. e5 Qe7 12. Qxd2 dxc4 13. Bxc4 Nb6 14. Bb3 Bd7 15. Rac1 Rfd8 16. Rfe1 Be8 17. Qe3 Rac8 18. Rc2 Nd5 19. Bxd5 cxd5 20. Rxc8 Rxc8 21. Rc1 Bc6 22. a3 Qd7 23. Nd2 Ba4 24. Rxc8+ Qxc8 25. Qc3 Qxc3 26. bxc3 Bb5 27. f4 Kf8 28. Kf2 Ke7 29. g4 Kd7 30. Nb3 Kc6 31. Ke3 b6 32. h4 Ba4 33. Nd2 Kb5 34. Kd3 Bd1 35. g5 Ka4 36. c4 Kxa3 37. cxd5 exd5 38. Nb1+ Kb3 39. Ke3 Bg4 40. Nd2+ Kc3 41. Nf1 b5 42. Ng3 b4 43. f5 hxg5 44. hxg5 b3 45. Ne2+ Bxe2 46. g6 fxg6 47. f6 gxf6 48. exf6 b2 49. f7 b1Q 50. f8Q Qe4+ 51. Kf2 Qf5+ 0-1

[Event "GER-chT U16"]
[Site "Dittrichshuette"]
[Date "2004.12.27"]
[Round "1"]
[White "Haeusinger, Benjamin"]
[Black "Berner, Stephan"]
[Result "0-1"]
[WhiteElo "1386"]
[BlackElo "1669"]
[PlyCount "122"]
[EventDate "2004.12.27"]
[EventType "team"]
[EventRounds "6"]
[EventCountry "GER"]
[SourceTitle "EXT 2006"]
[Source "ChessBase"]
[SourceDate "2005.11.24"]
[SourceVersion "1"]
[SourceVersionDate "2005.11.24"]
[SourceQuality "1"]

1. d4 d5 2. c4 c6 3. Nc3 Nf6 4. Nf3 e6 5. Bg5 Be7 6. e3 Nbd7 7. Be2 h6 8. Bh4 dxc4 9. Bxc4 Nb6 10. Bb3 Nfd5 11. Bxe7 Qxe7 12. e4 Nf6 13. 0-0 0-0 14. Qe2 Re8 15. Rad1 Nbd7 16. e5 Nd5 17. Nxd5 exd5 18. Nd2 Nf8 19. f4 Ne6 20. Bc2 Nxd4 21. Qd3 Nxc2 22. Qxc2 g6 23. Nb3 Bf5 24. Qd2 a6 25. h3 h5 26. Kh2 Rad8 27. Nd4 Qd7 28. Qb4 Be6 29. Qb3 c5 30. Nxe6 fxe6 31. Qg3 Qg7 32. b3 Kh7 33. Qh4 Qe7 34. Qf2 Rf8 35. Rd3 b5 36. Qc2 c4 37. Rg3 Rf5 38. Rgf3 Kg7 39. g4 hxg4 40. hxg4 Qh4+ 41. Rh3 Qxg4 42. Rg3 Rh8+ 43. Kg2 Qh5 44. Qf2 Qh2+ 45. Kf3 Rxf4+ 46. Kxf4 Rf8+ 47. Ke3 Rxf2 48. Rxg6+ Kxg6 49. Rxf2 Qxe5+ 50. Kd2 c3+ 51. Kc2 Qe4+ 52. Kxc3 Qe3+ 53. Kb4 Qxf2 54. a4 bxa4 55. Kxa4 Qc2 56. Ka5 Qxb3 57. Kxa6 Kf6 58. Ka5 Ke5 59. Ka6 Kd6 60. Ka7 Kc6 61. Ka8 Qb7# 0-1

[Event "Wuertemberg-ch U14"]
[Site "Germany"]
[Date "2004.04.16"]
[Round "6"]
[White "Schwarz, Felix"]
[Black "Haeusinger, Benjamin"]
[Result "1-0"]
[WhiteElo "1582"]
[BlackElo "1360"]
[PlyCount "69"]
[EventDate "2004.04.??"]
[EventType "swiss"]
[EventRounds "7"]
[EventCountry "GER"]
[SourceTitle "EXT 2005"]
[Source "ChessBase"]
[SourceDate "2004.11.15"]
[SourceVersion "1"]
[SourceVersionDate "2004.11.15"]
[SourceQuality "1"]

1. Nf3 d5 2. d4 e6 3. e3 Nf6 4. Bd3 Bb4+ 5. c3 Ba5 6. 0-0 0-0 7. Qc2 h6 8. Nbd2 Bd7 9. e4 dxe4 10. Nxe4 Nxe4 11. Bxe4 Bc6 12. Bh7+ Kh8 13. Ne5 Bb5 14. Re1 Nd7 15. a4 Ba6 16. b4 Nxe5 17. dxe5 Bxb4 18. cxb4 b6 19. Be4 Rb8 20. b5 Bb7 21. Bxb7 Rxb7 22. Ba3 Re8 23. Red1 Qg5 24. Qc6 Reb8 25. Re1 Qd8 26. Rad1 Qe8 27. Rd7 Rc8 28. Red1 Rbb8 29. Re7 Qg8 30. h3 Rd8 31. Rxd8 Qxd8 32. Qxc7 Qd1+ 33. Kh2 Rd8 34. Bd6 Rg8 35. Qxa7 1-0

[Event "Wuertemberg-ch U14"]
[Site "Germany"]
[Date "2004.04.13"]
[Round "1"]
[White "Lange, Jan David"]
[Black "Haeusinger, Benjamin"]
[Result "1-0"]
[WhiteElo "1730"]
[BlackElo "1360"]
[PlyCount "61"]
[EventDate "2004.04.??"]
[EventType "swiss"]
[EventRounds "7"]
[EventCountry "GER"]
[SourceTitle "EXT 2005"]
[Source "ChessBase"]
[SourceDate "2004.11.15"]
[SourceVersion "1"]
[SourceVersionDate "2004.11.15"]
[SourceQuality "1"]

1. e4 c6 2. d4 d5 3. exd5 cxd5 4. c4 Nf6 5. Nc3 e6 6. Bg5 Bb4 7. Qc2 Nc6 8. Nf3 h6 9. Be3 Bxc3+ 10. bxc3 0-0 11. Be2 Qd6 12. 0-0 e5 13. dxe5 Nxe5 14. Rad1 Be6 15. cxd5 Bxd5 16. c4 Rac8 17. Qb3 Nxc4 18. Bxc4 Rxc4 19. Qxc4 Bxc4 20. Rxd6 Bxf1 21. Kxf1 a6 22. Rb6 Nd5 23. Rxb7 Nxe3+ 24. fxe3 Rc8 25. Rb2 a5 26. Ke2 a4 27. Kd2 Kf8 28. Nd4 g6 29. Rb4 Ke7 30. Rxa4 Rb8 31. Nc6+ 1-0